| 000 | 00469nam a2200133Ia 4500 | ||
|---|---|---|---|
| 008 | 220620s9999||||xx |||||||||||||| ||und|| | ||
| 022 | _a09289038 22123709 | ||
| 100 | _aW.B.H.J. van de Donk (ed.)||I.Th.M. Snellen (ed.) | ||
| 245 | 0 | _aPublic Administration in an Information Age - A Handbook | |
| 546 | _aEnglish[eng] | ||
| 650 | _apublic administration||ICT||welfare-state||informatization | ||
| 856 | _uhttp://www.ebooks.iospress.nl/isbn/9781607509523 | ||
| 942 | _cEB | ||
| 999 |
_c31815 _d31815 |
||